Možnosti označovania regionálnych produktov na Slovensku

Regionálne značky označujú výrobky a služby charakteristické pre daný región, odzrkadľujú regionálne tradície a kultúru a garantujú ich pôvod, kvalitu a jedinečnosť. Analýza súčasného stavu v oblasti označovania regionálnych produktov na Slovensku. Na základe dostupných sekundárnych údajov sú vymedz...

Full description

Saved in:
Bibliographic Details
Main Author: Krnáčová, Paulína, 1983-
Format: Book Chapter
Language:Slovak
Subjects:
Tags: Add Tag
No Tags, Be the first to tag this record!

MARC

LEADER 00000nla a2200000 4500
001 0195922
005 20240502073310.6
041 0 |a slo 
044 |a SK 
245 1 0 |a Možnosti označovania regionálnych produktov na Slovensku  |c Paulína Krnáčová 
520 |a Regionálne značky označujú výrobky a služby charakteristické pre daný región, odzrkadľujú regionálne tradície a kultúru a garantujú ich pôvod, kvalitu a jedinečnosť. Analýza súčasného stavu v oblasti označovania regionálnych produktov na Slovensku. Na základe dostupných sekundárnych údajov sú vymedzené dostupné možnosti označovania regionálnych produktov na našom území s následnou analýzou ich základných charakteristík, kritérií hodnotenia produktov a certifikačných kritérií. Cieľom príspevku je zhodnotiť úroveň a význam označovania regionálnych produktov, identifikovať silné a slabé stránky tohto typu označovania. 
610 2 0 |a výrobky 
610 2 0 |a služby 
610 2 0 |a značky 
610 2 0 |a regióny 
100 1 |a Krnáčová, Paulína, 1983-